Vista normal
Vista MARC
- Gutiérrez, Ramón,
Entrada Nombre personal
Número de registros utilizados en: 23
001 - NÚMERO DE CONTROL
- campo de control: 6650
003 - IDENTIFICADOR DEL NÚMERO DE CONTROL
- campo de control: AR-BaAGN
005 - FECHA Y HORA DE LA ÚLTIMA TRANSACCIÓN
- campo de control: 20231113142104.0
008 - ELEMENTOS DE DATO DE LONGITUD-FIJA
- campo de control de longitud fija: 231110|| aca||aabn | a|a d
024 7# - IDENTIFICADOR DE OTROS ESTÁNDARES
- Número estándar o código: 91678278
- Fuente: viaf
- URI de un objeto del mundo real: http://viaf.org/viaf/91678278
040 ## - FUENTE DE CATALOGACIÓN
- Centro catalogador/agencia de origen: AR-BaBN
- Lengua de catalogación: spa
- Normas de descripción: aacr
- Centro/agencia modificador: AR-BaAGN
100 1# - ENCABEZAMIENTO-NOMBRE DE PERSONA
- Nombre de persona: Gutiérrez, Ramón,
- Fechas asociadas al nombre: 1939-
370 ## - LUGAR ASOCIADO
- Lugar de nacimiento: Buenos Aires
374 ## - OCUPACIÓN
- Ocupación: Arquitectos
670 ## - FUENTE DE DATOS ENCONTRADOS
- Cita de la fuente: Biblioteca Nacional Mariano Moreno, 9 noviembre 2023:
- Información encontrada: catálogo de autoridades (Gutiérrez, Ramón)
670 ## - FUENTE DE DATOS ENCONTRADOS
- Cita de la fuente: La habitación popular bonaerense 1943-1955 : aprendiendo en la historia, 2011.
670 ## - FUENTE DE DATOS ENCONTRADOS
- Cita de la fuente: WWW CEDODAL.com, 18 mayo 2016:
- Información encontrada: (Arq. Ramón Gutiérrez; n. en Buenos Aires en 1939; arquitecto; docente; fundador del Centro de Documentación de Arquitectura Latinoamericana, CEDODAL)
- Identificador Uniforme de Recursos: http://www.cedodal.com/secretario
670 ## - FUENTE DE DATOS ENCONTRADOS
- Cita de la fuente: WWW CONICET, 18 mayo 2016:
- Información encontrada: (Gutiérrez, Ramón; arquitecto; disciplina científica: Historia, Geografía, Antropología Social y Cultural Hábitat y Diseño; especialidad; Historia de la Arquitectura, Historia urbana)
- Identificador Uniforme de Recursos: http://www.conicet.gov.ar/new_scp/detalle.php?keywords=Pereira%20Luis%20Alberto&id=21914&datos_academicos=yes
